Normal view
MARC view
- Franco-Prussian War, 1870-1871
Entry Topical Term
001 - CONTROL NUMBER
- control field: 85481
003 - CONTROL NUMBER IDENTIFIER
- control field: KE-NaSUL
005 - DATE AND TIME OF LATEST TRANSACTION
- control field: 20250825171245.0
008 - FIXED-LENGTH DATA ELEMENTS
- fixed length control field: 250825|| aca||aabn | a|a d
040 ## - CATALOGING SOURCE
- Original cataloging agency: KE-NaSUL
- Transcribing agency: KE-NaSUL
150 ## - HEADING--TOPICAL TERM
- Topical term or geographic name as entry element: Franco-Prussian War, 1870-1871
- General subdivision: Influence
670 ## - SOURCE DATA FOUND
- Source citation: Work cat.: (KE-NaSUL)56158: Price, Roger, 1944 Jan. 7- 85480, Napoleon III and the Second Empire, 1997.